Responses for Show #6137 - Tuesday, April 26, 2011

Brian Meacham game 4.

Contestants

[<< previous game]

Andy Levin, a social worker from Philadelphia, Pennsylvania

Sarah Canfield Fuller, a writing instructor originally from Indianapolis, Indiana

Brian Meacham, a film preservationist originally from Anchorage, Alaska (whose 3-day cash winnings total $61,099)

[next game >>]

Jeopardy! Round responses

COUNTRIES ALPHABETICALLY
SPORTS-POURRI
BY THE NUMBERS
BEAR WITH THESE BOOKS
A SCOUT IS...
(Alex: Each response will be one of the 12 qualities in the Boy Scout Law.)
FATHER FIGURES OF SPEECH
    $200 6
Afghanistan

Sarah
    $200 11
the 200 meters

Andy
    $200 16
501

Andy
    $200 1
Winnie the Pooh

Sarah
    $200 26
trustworthy

Brian
    $200 18
Father Christmas

Brian
    $400 7
Cameroon

Sarah
    $400 12
the Seattle Seahawks

Andy
    $400 17
3001

Sarah
    $400 2
Baloo

Brian
    $400 27
thrifty

Brian
    $400 19
a Daddy Longlegs

Andy
    $600 8
Zambia

Andy
    $600 13
LeBron James

Andy
    $600 20
6

Andy
    $600 3
(Sarah: What is Berensteen?)
[Originally accepted as correct; reversed before clue 6]

Berenstain

Sarah
Triple Stumper
    $600 28
loyal

Sarah
    $600 23
Father Time

Andy
    $1,000 9
Uzbekistan

Andy
    $800 14
Brett Hull

Andy
    $800 21
1,760

Andy
    $800 4
Paddington

Brian
    $800 29
friendly

Brian
    $800 24
Daddy Warbucks

Andy
    $1000 10
Luxembourg

Andy
    $1000 15
(Tim) Lincecum

Brian
    $1000 22
the 26th

Andy
    $1000 5
Joel Chandler Harris

Triple Stumper
    $1000 30
brave

Brian
    $1000 25
NASCAR dad

Andy

Scores at the first commercial break (after clue 15):

Brian Sarah Andy
$2,200 $200 $4,600

Scores at the end of the Jeopardy! Round:

Brian Sarah Andy
$4,800 $1,200 $10,000

Double Jeopardy! Round responses

BATTLE STARS
TV SHOWS YOU MIGHT HAVE MISSED
FRENCH FOOD TALK
DOUBLE MEANINGS
"O" BROTHER
WHERE ART THOU?
    $400 2
(Robert E.) Lee

Andy
    $400 19
Three's Company

Sarah
    $400 26
(Sarah: What is scalloped?)

au gratin

BrianSarah
    $400 14
(Andy: What is hooky?)

tag

SarahAndy
    $400 1
(Sarah: Who is O Henry?)

(George) Orwell

SarahAndy
    $400 9
(Brian: Where is Paris?)

the Louvre

BrianSarah
    $800 3
Wellington

Andy
    $800 20
George Foreman

Andy
    $800 27
Chateaubriand

Sarah
    $800 15
sap

Sarah
    $800 5
(Sandra Day) O'Connor

Andy
    $800 10
(Brian: What is the Metropolitan Museum of Art?)
(Andy: What is the Guggenheim?)

MoMA (Museum of Modern Art)

BrianSarahAndy
    $1200 4
Hannibal

Sarah
    $1200 23
Donald Trump

Triple Stumper
    $1200 28
a roux

Sarah
    $3,500 16
hedge

Sarah
    $1200 6
(Laurence) Olivier

Sarah
    $1200 11
the Rijksmuseum

Brian
    $1600 21
(Alvin) York

Brian
    $1600 24
Double Trouble

Sarah
    $1600 29
julienne

Sarah
    $1600 17
rushes

Triple Stumper
    $1600 7
(Sarah: Who is Jesse Owen?)
[Originally ruled correct; reversed before Daily Double at clue 16]

Jesse Owens

Sarah
Triple Stumper
    $1600 12
the Uffizi

Brian
    $3,000 22
[ERRATUM: Watson-Watt was misspelled as shown.]

radar

Brian
    $2000 25
the Cavemen

Andy
    $2000 30
tapenade

Triple Stumper
    $2000 18
magazine

Sarah
    $2000 8
Oppenheimer

Brian
    $2000 13
the Hermitage

Brian

Scores at the end of the Double Jeopardy! Round:

Brian Sarah Andy
$15,400 $14,700 $14,000

[wagering suggestions for these scores]

Final Jeopardy! Round responses

PLAYWRIGHTS
AndyWho is Tom Stoppard?
$1,000
SarahWho is Stoppard
$14,500
BrianWho is Tom Stoppard?
$14,001
Tom Stoppard

Final scores:

Brian Sarah Andy
$29,401 $29,200 $15,000
4-day champion: $90,500 2nd place: $2,000 3rd place: $1,000

Game dynamics:

Coryat scores:

Brian Sarah Andy
$14,400 $12,400 $13,800
15 R
(including 1 DD),
2 W
18 R
(including 1 DD),
4 W
21 R
(including 1 DD),
2 W

Combined Coryat: $40,600

[game clues] [game scores] [suggest correction]

Game tape date: 2011-02-01
The J! Archive is created by fans, for fans. Scraping, republication, monetization, and malicious use prohibited; this site may use cookies and collect identifying information. See terms. The Jeopardy! game show and all elements thereof, including but not limited to copyright and trademark thereto, are the property of Jeopardy Productions, Inc. and are protected under law. This website is not affiliated with, sponsored by, or operated by Jeopardy Productions, Inc. Join the discussion at JBoard.tv.